Income Tax Law

Bibliographic Details
Main Author: Krishna, Vern
Format: eBook
Language:English
Published: Toronto: Irwin Law Inc., 2012
Edition:Segunda Edicin̤
Subjects:
Online Access:Acceso restringido

MARC

LEADER 00000nam a22000007a 4500
005 2021081005195.0
007 cr|||| ||||
008 210810s2012 ca |||||s|||| 00||0 eng d
020 |a 978-1-55221-236-3 
035 |a 34883 
040 |a vLex 
090 |c 11966  |d 11966 
100 1 |a Krishna, Vern 
245 1 0 |a Income Tax Law  |h [Recurso electrn̤ico] /  |c Vern Krishna 
250 |a Segunda Edicin̤ 
256 |a Servicio en ln̕ea 
260 |a Toronto:  |b Irwin Law Inc.,  |c 2012 
300 |a 1 recurso electrn̤ico 
500 |a The long-awaited second edition of Income Tax Law is a comprehensive, up-to-date treatise on income tax law in Canada. The book introduces students and practitioners to income tax law in its broadest dimensions. It addresses the subject matter based on principles, policy, and practice. The objective is to explain what the law is and, more importantly, why it is the way it is, and how it works (or does not). It examines the policy, structural, constitutional, and judicial framework of income tax law, addressing the following questions: who is taxable?; what is taxable?; how much tax is payable?; when is tax payable?; and how do we administer the system and resolve disputes with the tax collector? The book contains clear explanations of complex principles and formulae, a bibliography, a glossary, and appendices setting out tax rates and measurement of income. Students of tax law will find this book indispensable. Legal practitioners in business law and litigators will also find it useful in drafting pleadings and assessing damages when considering tax issues in civil litigation. Finally, accountants, business executives, and other professionals will find the book helpful in navigating the murky waters of income tax. The book includes, in an epilogue, an analysis of the December 2011 Supreme Court of Canada decision in Copthorne Holdings Ltd v Canada. 
506 1 |a Disponible solo en los productos indicados  |d vLex Global  |d vLex Global (Academic Edition, excluding Law Schools)  |d vLex Global (U.S. Academic Edition, Law Schools)  |d vLex Global (U.S. Academic Edition, excluding Law Schools)  |d vLex Global (Academic Edition, Law Schools) 
650 0 4 |a Derecho Tributario  |z Canad̀ 
740 0 |a vLex Libros (Servicio en ln̕ea) 
856 4 0 |u https://app.vlex.com/#/sources/34883  |z Acceso restringido 
942 |c BOOK 
999 0 |a Tax Law